Statistics for FIFA Ballon D'Or 2015

Click here to take the quiz!

General Stats

  • This quiz has been taken 157 times
  • The average score is 18 of 23

Answer Stats

RankPlayerClub% Correct
2Cristiano RonaldoReal Madrid
100%
1Lionel MessiBarcelona
99%
3NeymarBarcelona
96%
5Luis SuárezBarcelona
94%
4Robert LewandowskiBayern Munich
94%
9Andrés IniestaBarcelona
93%
18Kevin De BruyneWolfsburg/Man City
93%
7Manuel NeuerBayern Munich
93%
13Sergio AgüeroManchester City
88%
6Thomas MüllerBayern Munich
86%
8Eden HazardChelsea
85%
21Toni KroosReal Madrid
83%
11Zlatan IbrahimovicPSG
83%
16Gareth BaleReal Madrid
81%
20Karim BenzemaReal Madrid
78%
22Arjen RobbenBayern Munich
68%
10Alexis SánchezArsenal
67%
23Ivan RakitićBarcelona
59%
17Arturo VidalJuventus/Bayern
57%
15Paul PogbaJuventus
57%
12Yaya TouréManchester City
54%
14Javier MascheranoBarcelona
34%
19James RodríguezReal Madrid
31%

Score Distribution

Percentile by Number Answered

Percent of People with Each Score

Your Score History

You have not taken this quiz